| 000 | 00388nam a22001217a 4500 | ||
|---|---|---|---|
| 003 | OSt | ||
| 008 | 110509b xxu||||| |||| 00| 0 eng d | ||
| 100 | 1 | _aJurgens, Adrian Albert | |
| 041 | _aeng | ||
| 245 | 1 | 0 | _aThe handstruck letter stamps of the Cape of Good Hope from 1792 to 1853 and the postmarks from 1853 to 1910 / |
| 260 | _bA.A. Jurgens (Printed by Cape Times Ltd.), | ||
| 300 | _a0 pages | ||
| 999 |
_c104 _d104 |
||